| 000 | 00362 a2200157 4500 | ||
|---|---|---|---|
| 001 | 180836 | ||
| 020 | _a | ||
| 040 | _cMagnum | ||
| 100 | _aSobrino, Jon | ||
| 240 | 1 | 0 |
_aOs seis jesuitas martires de el salvador _lpor |
| 245 | 1 | 0 | _aOs seis jesuitas martires de el salvador |
| 362 | 0 | _a1899 | |
| 440 | 1 | _aLoyola | |
| 697 | _aMAGNITO: RELIGIAO | ||
| 942 | _cBK | ||
| 999 |
_c180836 _d180836 |
||